| 000 | 01288nam a2200385 c 4500 | ||
|---|---|---|---|
| 001 | 200463691 | ||
| 003 | TR-AnTOB | ||
| 005 | 20250127164521.0 | ||
| 007 | ta | ||
| 008 | 250127s2025 tu b 001 0 tur d | ||
| 020 |
_a9789750297854 _q(paperback) |
||
| 035 | _a(TR-AnTOB)200463691 | ||
| 040 |
_aTR-AnTOB _beng _erda _cTR-AnTOB |
||
| 041 | 0 | _atur | |
| 050 | 4 |
_aK5438 _b.K373462 2025 |
|
| 090 |
_aK5438 _b.K373462 2025 |
||
| 100 | 1 |
_aKaragöz, Göksu Işıl _eauthor _9147975 |
|
| 245 | 1 | 0 |
_aCeza muhakemesi hukukunda bilişim sistemlerinde uzaktan arama / _cAv. Göksu Işıl Karagöz, LL.M. |
| 246 | 1 | 0 | _aBilişim sistemlerinde uzaktan arama |
| 250 | _aBirinci baskı. | ||
| 264 | 1 |
_aAnkara : _bSeçkin, _c2025. |
|
| 300 |
_a192 pages ; _c24 cm |
||
| 336 |
_atext _btxt _2rdacontent |
||
| 337 |
_aunmediated _bn _2rdamedia |
||
| 338 |
_avolume _bnc _2rdacarrier |
||
| 490 | 0 |
_aSeçkin Hukuk ; _vno: 3797 |
|
| 504 | _aBIBINDX | ||
| 650 | 7 |
_aAramalar ve elkoymalar _2etuturkob _9144947 |
|
| 650 | 7 |
_aAramalar ve elkoymalar _zTürkiye _2etuturkob _9144948 |
|
| 650 | 7 |
_aElektronik gözetleme _2etuturkob _99737 |
|
| 650 | 7 |
_aElektronik gözetleme _zTürkiye _2etuturkob _983752 |
|
| 650 | 0 |
_aCeza yargılaması _zTürkiye _9115759 |
|
| 942 |
_2lcc _cBK |
||
| 999 |
_c200463691 _d81903 |
||